| 000 | 00406nam a22001457a 4500 | ||
|---|---|---|---|
| 003 | OSt | ||
| 005 | 20160727222339.0 | ||
| 008 | 160618b xxu||||| |||| 00| 0 eng d | ||
| 040 | _cTEST | ||
| 100 |
_945 _aSchade, S |
||
| 245 |
_aDinosaur Ed Reader's Digest Kids _bDinosaur Ed Reader's Digest Kids |
||
| 260 |
_aN.Y _bReader's Digest Children _c2000 |
||
| 300 | _aDinosaur Ed Reader's Digest Kids | ||
| 942 |
_2ddc _cBK |
||
| 999 |
_c38 _d38 |
||